| 000 | 00979nam a2200265Ia 4500 | ||
|---|---|---|---|
| 003 | OSt | ||
| 005 | 20221005111924.0 | ||
| 006 | a|||||r|||| 00| 0 | ||
| 007 | ta | ||
| 008 | 221004b |||||||| |||| 00| 0 san d | ||
| 024 | _a32863 | ||
| 037 | _cTextual | ||
| 040 |
_aCRL _cCRL _bsan |
||
| 041 |
_2san _asan |
||
| 082 | _aO15k, L3 | ||
| 100 | _aसहाय ‘हीरा’, राजवंश | ||
| 245 | 0 | _aसंस्कृत साहित्य कोश | |
| 246 | _aSanskṛut sāhitya kosha | ||
| 260 |
_aवाराणसी _bचौखम्बा संस्कृत सीरीज आफिस भारत _c1973 |
||
| 300 |
_a715पृ. _ccm. |
||
| 490 | _aचौखम्बा राष्ट्रभाषा ग्रन्थमाला; 16 | ||
| 650 | _aसंस्कृत-शब्दकोश | ||
| 942 |
_hO15k, L3 _cTEXL _2cc |
||
| 999 |
_c1023311 _d1023311 |
||